La opinión pública española y la independencia hispanoamericana, 1819-1820/ (Record no. 49628)

MARC details
000 -LEADER
campo de control de longitud fija 01638aam a2200397 i 4500
001 - NÚMERO DE CONTROL
campo de control MOR01000049713
005 - FECHA Y HORA DE LA ÚLTIMA TRANSACCIÓN
campo de control 20260331125543.0
007 - CAMPO FIJO DE DESCRIPCIÓN FÍSICA--INFORMACIÓN GENERAL
campo de control de longitud fija ta
008 - DATOS DE LONGITUD FIJA--INFORMACIÓN GENERAL
campo de control de longitud fija 950329s1967 sp g bi a001 0 spa d
035 ## - NÚMERO DE CONTROL DEL SISTEMA
Número de control de sistema 950857
040 ## - FUENTE DE CATALOGACIÓN
Centro catalogador/agencia de origen mxcmmo
Lengua de catalogación spa
Normas de descripción rda
Centro/agencia transcriptor mxcmmo
041 0# - CÓDIGO DE IDIOMA
Código de lengua del texto/banda sonora o título independiente spa
043 ## - CÓDIGO DE ÁREA GEOGRÁFICA
Código de área geográfica e-sp---
-- cl-----
045 ## - PERIODO DE TIEMPO DEL CONTENIDO
Código de periodo de tiempo w1w2
082 04 - NÚMERO DE LA CLASIFICACIÓN DECIMAL DEWEY
Número de clasificación 970.04
Número de ítem ENC.o
100 1# - ENTRADA PRINCIPAL--NOMBRE DE PERSONA
Nombre de persona Enciso Recio, Luis Miguel
Término indicativo de función/relación autor
9 (RLIN) 31025
245 13 - MENCIÓN DEL TÍTULO
Título La opinión pública española y la independencia hispanoamericana, 1819-1820/
Mención de responsabilidad, etc. Luis Miguel Enciso Recio
264 #1 - PRODUCCIÓN, PUBLICACIÓN, DISTRIBUCIÓN, FABRICACIÓN Y COPYRIGHT
Producción, publicación, distribución, fabricación y copyright Valladolid, España :
Nombre del de productor, editor, distribuidor, fabricante Universidad de Valladolid, Facultad de Filosofía y Letras, Departamento de Historia Moderna,
Fecha de producción, publicación, distribución, fabricación o copyright 1967.
300 ## - DESCRIPCIÓN FÍSICA
Extensión 179 páginas;
Dimensiones 23 cm
336 ## - TIPO DE CONTENIDO
Término de tipo de contenido texto
Código de tipo de contenido txt
Fuente rdacontent
337 ## - TIPO DE MEDIO
Nombre/término del tipo de medio sin medio
Código del tipo de medio n
Fuente rdamedia
338 ## - TIPO DE SOPORTE
Nombre/término del tipo de soporte volumen
Código del tipo de soporte nc
Fuente rdacarrier
504 ## - NOTA DE BIBLIOGRAFÍA, ETC.
Nota de bibliografía, etc. Nota Incluye bibliografías e índice
651 #7 - PUNTO DE ACCESO ADICIONAL DE MATERIA--NOMBRE GEOGRÁFICO
Nombre geográfico Hispanoamérica
Subdivisión general Historia
Subdivisión cronológica Guerras de independencia, 1806-1830
Subdivisión general Opinión extranjera
9 (RLIN) 91267
710 2# - ENTRADA AGREGADA--NOMBRE DE ENTIDAD CORPORATIVA
Nombre de entidad corporativa o nombre de jurisdicción como elemento de entrada Universidad de Valladolid (Espana)
Unidad subordinada Facultad de Filosofia y Letras
-- Departamento de Historia Moderna
9 (RLIN) 31026
810 20 - PUNTO DE ACCESO ADICIONAL DE SERIE--NOMBRE DE ENTIDAD CORPORATIVA
Nombre de entidad corporativa o nombre de jurisdicción como elemento de entrada Universidad de Valladolid (Espana)
Unidad subordinada Facultad de Filosofia y Letras
-- Departamento de Historia Moderna
Título de la obra Estudios y documentos
Designación de volumen o secuencia 23
9 (RLIN) 31027
900 ## - ELEMENTOS DE DATOS A LOCAL, LDA (RLIN)
Nombre de persona ALEPH14
Numeración 10
Títulos y otros términos asociados al nombre 20061103
Lenguaje de la obra MOR01
-- 1048
900 ## - ELEMENTOS DE DATOS A LOCAL, LDA (RLIN)
Nombre de persona BATCH-UPD
Numeración 00
Títulos y otros términos asociados al nombre 20120323
Lenguaje de la obra MOR01
-- 1741
900 ## - ELEMENTOS DE DATOS A LOCAL, LDA (RLIN)
Nombre de persona BATCH-UPD
Numeración 40
Títulos y otros términos asociados al nombre 20120321
Lenguaje de la obra MOR01
-- 1702
900 ## - ELEMENTOS DE DATOS A LOCAL, LDA (RLIN)
Nombre de persona BATCH
Numeración 00
Títulos y otros términos asociados al nombre 20120322
Lenguaje de la obra MOR01
-- 1724
900 ## - ELEMENTOS DE DATOS A LOCAL, LDA (RLIN)
Nombre de persona DYNIX
Numeración 00
Títulos y otros términos asociados al nombre 20030304
Lenguaje de la obra MOR01
-- 1720
900 ## - ELEMENTOS DE DATOS A LOCAL, LDA (RLIN)
Nombre de persona VOBO
Numeración 40
Títulos y otros términos asociados al nombre 20100527
Lenguaje de la obra MOR01
-- 1457
904 ## - ELEMENTOS DE DATOS D LOCAL, LDD (RLIN)
a UPDATE
942 ## - ELEMENTOS DE ENTRADA SECUNDARIOS (KOHA)
Código de la institución [OBSOLETO] BK
901 ## - ELEMENTOS DE DATOS A LOCAL LDA (RLIN)
a batch batch
Holdings
Estatus retirado Estado de pérdida Fuente del sistema de clasificación o colocación Estado de daño No para préstamo Colección Biblioteca de origen Biblioteca actual Ubicación en estantería Fecha de adquisición Fuente de adquisición Número de inventario Total de préstamos Signatura topográfica completa Código de barras Visto por última vez Precio de reemplazo Tipo de ítem Koha
    Clasificación Decimal Dewey     Libros (General) Biblioteca Instituto Mora Biblioteca Instituto Mora Regular 29/03/1995   75691   (G)/970.04 ENC.o 33291000653127 03/09/2024 03/09/2024 Libro préstamo regular